Análisis y propuesta para un plan de mejora en el manejo de inventario de la empresa productora de plástico PROPLASA
El presente trabajo tiene como objetivo elaborar una propuesta de mejora en el almacén de la empresa comercializadora de productos plásticos PROPLASA esta propuesta contribuirá a aumentar la satisfacción de los clientes y mejorar la eficacia de las operaciones en el almacén.
| Main Authors: | , |
|---|---|
| Other Authors: | |
| Format: | Tesis Section = Libro |
| Language: | Undetermined Spanish |
| Published: |
Managua
UNI
2019
|
| Subjects: |
| LEADER | 01145nam a2200265Ia 4500 | ||
|---|---|---|---|
| 008 | 240830s9999 xx 000 0 und d | ||
| 040 | |a BIBLIOTECA-RUPAP Mon 658.787 S211 | ||
| 041 | |a spa | ||
| 082 | |a Mon 658.787 S211 | ||
| 100 | 1 | |a Sánchez Garmendia, Jhonny Odalier | |
| 100 | 1 | |b Monegro Silva, Rafael Antonio | |
| 245 | 1 | 0 | |a Análisis y propuesta para un plan de mejora en el manejo de inventario de la empresa productora de plástico PROPLASA |
| 260 | |a Managua |b UNI |c 2019 | ||
| 300 | |a 128 p. :il. | ||
| 500 | |a Contiene: anexos y CD. | ||
| 502 | |a Tesis (Ingeniero Industrial)- UNI, 2019. | ||
| 520 | 3 | |a El presente trabajo tiene como objetivo elaborar una propuesta de mejora en el almacén de la empresa comercializadora de productos plásticos PROPLASA esta propuesta contribuirá a aumentar la satisfacción de los clientes y mejorar la eficacia de las operaciones en el almacén. | |
| 650 | 7 | |a INVENTARIOS | |
| 650 | 7 | |b CONTROL DE INVENTARIOS | |
| 650 | 7 | |c CONTROL INTERNO | |
| 650 | 7 | |d ADMINISTRACION DE MATERIALES | |
| 700 | 1 | |a Tutor: |b Boza Castro, Freddy Fernando | |
| 942 | |c BK |2 ddc | ||
| 991 | |a TESIS | ||
| 999 | |c 17610 | ||